Normal view MARC view
  • Williams , L. F

Entry Personal Name

Number of records used in: 1

001 - CONTROL NUMBER

  • control field: 50510

003 - CONTROL NUMBER IDENTIFIER

  • control field: NUST

005 - DATE AND TIME OF LATEST TRANSACTION

  • control field: 20210314134646.0

008 - FIXED-LENGTH DATA ELEMENTS

  • fixed length control field: 210314|| aca||aabn | a|a d

040 ## - CATALOGING SOURCE

  • Original cataloging agency: NUST
  • Transcribing agency: NUST

100 ## - HEADING--PERSONAL NAME

  • Personal name: Williams , L. F

670 ## - SOURCE DATA FOUND

  • Source citation: Work cat.: (NUST): Williams , L. F, India In 1925 - 26 Social Political and Economic Developments, 1985
© 2023 Central Library, National University of Sciences and Technology. All Rights Reserved.